000 00237nam a2200097Ia 4500
001 799712
005 20250826170853.0
008 250824s9999 xx 000 0 und d
245 0 _aEYVALLAH
_cKAHRAMAN TAZEOĞLU
260 _bDESTEK YAYINLARI
999 _c799712
_d799712